Quizzes
Events
Quiz Creation
Community
Videos
Private Events
Remove Ads
Sign In
Join for FREE
Feedback
Dark Mode
Quiz Categories
Sports
Geography
Music
Movies
Television
Just For Fun
Miscellaneous
History
Literature
Language
Science
Gaming
Entertainment
Religion
Holiday
For Kids
Quiz Lab
Recent
Popular Today
Quiz Kudos Today
Editor Picks
Curator Picks
Quizzes by...
Day
Popularity
Type
Ratings
Length
Year
Community
Subscriptions
Recent Discussions
Orange Saloon
Badges
Playlists
Quests
Create
Leaderboards
Showdown
Live 5
Trivia Bingo
Activity
Puzzle Library
Sporcle Events
Private Events
Virtual Trivia
Globe League
Become a Host
Pub Owners
SporcleCon
Opinionation
Our Games
Videos
Blog
Mobile Apps
Partnerships
Remove Ads and Go Orange
Feedback
Sports
Athletes
MLB
NBA
NHL
NFL
Soccer
Sports Teams
WWE
NCAA
Football
Premier League
Basketball
Baseball
Hockey
Golf
Tennis
Cricket
Rugby
Auto Racing
Olympics
World Cup
Sports
Athletes
MLB
NBA
NHL
NFL
Soccer
Sports Teams
WWE
NCAA
Football
Premier League
Basketball
Baseball
Hockey
Golf
Tennis
Cricket
Rugby
Auto Racing
Olympics
World Cup
Random Quiz
Search Sporcle
×
Quiz Lab
Quiz Lab
Sports
Football
Type in answers that appear in a list
Type in answers that appear in a list
Classic
Best Score? Go Orange.
2010 Boston Redsox Stats
Can you name the 2010 Boston Redsox?
By
Gsportz59
7m
25 Questions
2,701 Plays
2,701 Plays
2,701 Plays
Comments
Comments
Give Quiz Kudos
Give Quiz Kudos
-
- Ratings
hide this ad
More Info
Replay
Link that replays current quiz
Next Quiz
Link to next quiz in quiz playlist
You Got
0%
They Got
Avg Score
68%
Avg Friend Score
Upgrade to see
Score Distribution
Jump to the score distribution portion of the page
Score
0/25
Timer
07:00
0
Plays Today
Position
Name
% Correct
Designated Hitter
David Ortiz
95.3%
Second Base
Dustin Pedroia
94.3%
First Base
Kevin Youkilis
89.6%
Starting Pitcher
Josh Beckett
89%
Left Field
Jacoby Ellsbury
88.6%
Catcher
Victor Martinez
87.9%
Right Field
J.D Drew
87.7%
Starting Pitcher
Jon Lester
84.5%
Closer
Jonathan Papelbon
84.2%
Third Base
Adrian Beltre
82.4%
Bench
Jason Varitek
77.3%
Center Field
Mike Cameron
76.9%
Shortstop
Marco Scutaro
76.8%
Position
Name
% Correct
Starting Pitcher
Dasuike Matsuzaka
74.6%
Starting Pitcher
John Lackey
73.1%
Bench
Mike Lowell
63.6%
Relief Pitcher
Daniel Bard
61.7%
Relief Pitcher
Hideki Okajima
59.7%
Starting Pitcher
Clay Buchholz
56.1%
Relief Pitcher
Manny Delcarmen
46.8%
Bench
Bill Hall
46%
Relief Pitcher
Ramon Ramirez
44.4%
Bench
Jeremy Hermida
30.8%
Relief Pitcher
Scott Atchison
23.5%
Relief Pitcher
Scott Schoeneweis
14.8%
Quiz Playlist
Details
Report
Send in Message
Add To Playlist
More Info:
NOT CHANGED FOR THE 12 PLAYERS ON THE DL....PLAY AS IF THE HOLE TEAM WAS HEALTHY
Classic:
Type in answers that appear in a list
Last Updated: Feb 16, 2017
Quiz Scoreboard
CHALLENGE
Sign Up to Join the Scoreboard
Show All
Scores
Hide
Comments
May contain spoilers
Recently Published
1-10 Letter E Words III
by El_Dandy
Language
2m
One Thing in Common: World Cities II
by knightlancer
Geography
7m
Popular People in 1961
by mucciniale
History
6m
More to Explore
Quiz From the Vault
Featured Blog Post
Where Did the Easter Bunny Come From?
hide this ad
You Might Also Like...
Tags
Football Quiz
2010
Boston
Boston Red Sox
Today's Top Quizzes in Sports
Browse Sports
hide this ad
Today's Top Quizzes in Football
Browse Football
Top Contributed Quizzes in Sports
1
2022 World Cup Stars
2
Les entraîneurs de l'OM et du PSG au 21e siècle
3
FIFA Club World Cup Champions
4
Criteria MLB: Left Handed Sluggers
5
Les meilleurs buteurs des matchs entre le PSG et l’OM
6
Name the Premier League winners with different clubs
7
Players with Multiple 50 Home Run Seasons
8
MLB Players with Two .350 Batting Average Seasons
9
La finale Lions - Afrique du Sud 2021
10
MLB Hall of Famer by Rings
Explore More
Trending Topics
Crossword
Harry Potter
Marvel
NBA
Disney
Kpop
Anime
Pokémon
Soccer
Country
Puzzle
Song
WWE
The Office
NFL
hide this ad
More By:
Gsportz59
Quiz
Plays
Rating
Category
Featured
Created
2010 Boston Redsox
2,701
3.43
Sports
Apr 11, 2010
Finish the Rap Song
426
1.00
Music
Apr 5, 2010
2009-2010 Boston Celtics
240
4.00
Sports
Apr 30, 2010
Go to Creator's Profile
Score Distribution
Quiz Creator Spotlight
Gsportz59
Follow
Send a Message
Quizzes Created
-
Created Quiz Play Count
-
More By This Creator
Popular Quizzes Today
1
Find the US States - No Outlines Minefield
2
The Countries of the World
3
Popular People in 1961
4
Find the Countries of Europe - No Outlines Minefield
5
1-10 Letter E Words III
6
Find the US States
7
One Thing in Common: World Cities II
8
US States
More Sports Quizzes
Top 100 NFL Career Rushers
Published
Trending Quizzes
1-10 Letter F Words
One Thing in Common: Music
1-10 Letter G Words
Risky Map Clicking: Next State Alphabetically
1-10 Letter F Words II
Recently Updated
Leaping Animals
pecheneg
Reality TV Shows (A-Z)
bhenderson79
Rickey Henderson's Hall of Fame Teammates
pecheneg
Champions League XIs: Arsenal
pecheneg
Quick Pick: Celebrities in WWE's Hall of Fame
aduchscher
A-Z Keypad Blitz II
pecheneg
Multiple Oscar Actors
pecheneg
Mystery Phrase Blitz: Oscar 'Best Actors'
pecheneg
F. Scott Fitzgerald Novels
LTH
Pick 3 Villains
ddd62291
Trending Topics
Crossword
NBA
Marvel
Anime
Kpop
Harry Potter
Disney
Soccer
Puzzle
Song
WWE
Country
The Office
Pokémon
NFL
Your Account Isn't Verified!
In order to create a playlist on Sporcle, you need to verify the email address you used during registration. Go to your
Sporcle Settings
to finish the process.
Report this User
Report this user for behavior that violates our
Community Guidelines
.
Details:
Send Report
Go to the Sporcle.com Mobile Site →
Comments